Statistiques concernant Culture Générale - Série 1356

Cliquez ici pour prendre le quiz!

Statistiques générales

  • Ce quiz a été pris 50 fois
  • Le résultat moyen est 4 sur 10

Statistiques - réponses

Question Réponse % Correct
Quel océan borde les côtes de la Namibie ?Atlantique
98%
Dans quel fleuve le Tarn se jette-t-il ?Garonne
94%
Quel joueur de basket est surnommé "TiPi" ?Tony Parker
72%
Quel cinéaste réalise “La Nuit américaine”, en 1973 ?François Truffaut
43%
En 1873, quel maréchal et homme politique français devient président de la République après la chute d'Adolphe Thiers ?Mac-Mahon
38%
Le WRC est une compétition de sport aussi appelée "championnat du monde des...rallyes
30%
Complétez le titre du dernier épisode de la trilogie d'Alexandre Dumas, commencée avec "Les Trois Mousquetaires” " Le Vicomte de ...Bragelonne
23%
En 1974, quel guitariste et chanteur de rock britannique a repris la chanson de Bob Marley "I Shot The Sheriff" ?Eric Clapton
19%
Nom donné au métro de Lilleval
4%
Agent de maîtrise, contremaître dans les mines de charbon.porion
2%

Distribution des résultats

Percentile par nombre de réponses

% des personnes avec chaque résultat

Votre développement - résultats

Vous n’avez pas pris ce quiz